Negara berdaulat dalam perspektif islam

Bibliographic Details
Main Author: Abdul Qadir Djaelani
Format: Book
Published: Shah Aalm : Pustaka Dini , 2001
Subjects:

MARC

LEADER 00000cam a2200000 7i4500
001 0000059233
005 20020730.0
020 |a 9839422243 
090 0 0 |a 297.272   |b ABD 
100 0 |a Abdul Qadir Djaelani 
245 1 0 |a Negara berdaulat dalam perspektif islam   |c Abdul Qadir Djaelani 
260 |a Shah Aalm :   |b Pustaka Dini ,   |c 2001 
300 |a 458p. ;   |c 22cm. 
650 0 0 |a Islam and politics 
650 0 0 |a Islam and state 
650 0 0 |a Islam   |x History 
999 |a 00107534   |b BUKU   |c PINJAMAN   |e PERPUSTAKAAN KOMUNITI PETALING JAYA